MARC
| LEADER | 00000nab a2200000 a 4500 | ||
|---|---|---|---|
| 001 | vtls009325320 | ||
| 003 | SK-MaSNL | ||
| 005 | 20260303044810.0 | ||
| 008 | 080822 1973 xo 000 0 slo | ||
| 015 | |a SNBRB1973 | ||
| 040 | |a SNKBUCL |b slo |c SNKBUCL |e AACR2 | ||
| 041 | 0 | |a slo | |
| 044 | |a xo |c SK | ||
| 080 | |a 796 |2 2001 | ||
| 100 | 1 | |a Kornoš, Ladislav |4 aut |9 306127 | |
| 245 | 1 | 0 | |a Telovýchovné slávnosti 1973 |c Ladislav Kornoš |
| 300 | |b Obr. | ||
| 648 | 7 | |a 1973 |2 snkbucl |9 282428 | |
| 650 | 0 | 7 | |a šport |2 snkbucl |9 1042 |
| 773 | 0 | |t Základní tělesná výchova |g Roč. 17, č. 11 (1972), s. 2-4 | |
| 999 | |c 1701547 |d 1703477 | ||


